| 000 | 00431nam a2200145Ia 4500 | ||
|---|---|---|---|
| 008 | 230917s9999||||xx |||||||||||||| ||und|| | ||
| 040 |
_e90748 _aMAIN |
||
| 041 | _aEnglish | ||
| 082 | _a617.7 S23C | ||
| 100 | _aSharma, Neetu | ||
| 245 | 2 | _aA comparative study between ketorolac tromethamine and corticosteroid eye drops in post-operative ocular inflammation | |
| 260 |
_aRohtak _bM D University |
||
| 300 | _a95 p. | ||
| 942 | _cTH | ||
| 999 |
_c79524 _d79524 |
||